Statistics for Irish Immigrants in US Metro Areas

Click here to take the quiz!

General Stats

  • This quiz has been taken 23 times
  • The average score is 10 of 25

Answer Stats

Irish Immigrant PopulationStateMetro Area% Correct
0.27%MABoston
95%
0.17%New York
91%
0.07%CTHartford
82%
0.10%MAWorcester
77%
0.21%CTBridgeport
73%
0.07%NYAlbany-Schenectady-Troy
68%
0.09%ILChicago
68%
0.08%CTNew Haven
64%
0.09%RIProvidence
59%
0.14%CASan Francisco-Oakland
59%
0.08%NJTrenton
45%
0.09%CASan Jose
36%
0.09%FLSarasota-Bradenton
23%
0.19%NYKingston
18%
0.15%FLNaples
18%
0.08%CASanta Barbara
18%
0.22%MABarnstable Town
14%
0.12%MAPittsfield
14%
0.08%CASanta Rosa
14%
0.11%PAEast Stroudsburg
9%
0.09%NYGlens Falls
9%
0.08%NCNew Bern
9%
0.07%FLPunta Gorda
9%
0.08%CASanta Cruz
9%
0.12%FLVero Beach-Sebastian
9%

Score Distribution

Percentile by Number Answered

Percent of People with Each Score

Your Score History

You have not taken this quiz